Star Wars Jedi: Fallen Order A-Z - Statistics

General Stats
  • This quiz has been taken 105 times
    104 since last reset
  • The average score is 15 of 22
Answer Stats
Letter Hint Answer % Correct
C Former Padawan who escaped Order 66 and became a scrapper Cal Kestis
99%
B An explorer droid who befriends the former Padawan BD-1
94%
D A remote and obscure planet home to the Nightsisters Dathomir
93%
G Captain of the Stinger Mantis Greez Dritus
89%
V The Dark Lord of the Sith Vader
89%
J The Lasat Jedi Master of the former Padawan that escaped Order 66 Jaro Tapal
86%
S A human member of the Inquisitorius formerly known as Trilla Suduri Second Sister
85%
M A Nightsister who survived General Grievous' massacre of the Nightsisters Merrin
84%
K The former Padawan searches the planet Ilum for this special type of crystal to repair his broken Lightsaber Kyber Crystal
83%
Z The name of a planet, as well as ancient sentient species Zeffo
80%
N A Dowutin member of the Inquisitorius formerly known as Masana Tide Ninth Sister
78%
A The former Padawan highjacks this type of four-legged walker on Kashyyyk AT-AT
75%
E Cere Junda was the Padawan to this Jedi Master Eno Cordova
75%
F Heavily armed underwater stronghold located on the moon Nur, and headquarters of the Inquisitors Fortress Inquisitorius
71%
T Former Jedi who turned to the dark side and became the leader of the Nightbrother clan Taron Malicos
65%
O A carnivorous species native to the planet Bogano that used their adhesive tongues to attack their prey Oggdo
58%
H A crime syndicate led by the crime boss Sorc Tormo Haxion Brood
51%
R A diseased jotaz that resided amongst the wreckage of a Venator-class Star Destroyer {Rabid} Jotaz
43%
L The species of the captain of the Stinger Mantis Latero
31%
W A species of gigantic spider native to the planet Kashyyyk Wyyyschokk
31%
P A hoofed creatures with three sharp horns that lives in mountainous environments Phillak
19%
I A superorganism native to the planet Bracca that resembles a sarlacc Ibdis Maw
9%
No matching quizzes found
Score Distribution
Percent of People with Each Score
Percentile by Number Answered
Your Score History
You have not taken this quiz since the last reset